000 00704nam a2200265Ia 4500
003 OSt
005 20221006152826.0
006 a|||||r|||| 00| 0
007 ta
008 221006b |||||||| |||| 00| 0 jpn d
020 _c¥2000
024 _a29,753
037 _bGift, Japan Foundation
_cTextual
040 _aEASL
_cEASL
_bjpn
041 _2jpn
_ajpn
082 _aX:9.42, N0
100 _aKOMAI Hiroshi
_9646935
245 0 _aGaikokujin rodosha wo miru me
260 _aTokyo
_bAkashi Shoten Japan
_c1990
300 _a278p.
_ccm.
490 _v JL
650 _aJL
942 _hX:9.42, N0
_cTEXL
_2CC
999 _c1097839
_d1097839